000 00599nam a2200229Ia 4500
005 20250108124813.0
008 008 250107s9999 xx 000 0 eng d
020 _a978-3-319-11610-5
037 _aTB
040 _aCRL
_beng
_cCRL
041 _aeng
_2eng
084 _aw2,N P6
084 _qCRL
100 _aMunjal Girish Au.
_9551976
245 0 _aRus, Russia, Russian federation
_cMunjal Girish Au.
260 _aDelhi, India
_bUniversity of Delhi
_c2249
300 _a220p.
365 _aINR
_b95
650 _aHISTORY
942 _cTB
_hw2,N P6
999 _c1234637
_d1234637